000 00354pam a2200121a 44500
008 230405s2017 xxu||||| |||| 00| 0 eng d
041 _aENG
100 _aShama Pratibha
245 _aBiological Control of Plant Diseases and Weeds
260 _aNEW DELHI
_bDirectorate of Knowledge Management in Agriculture ICAR
_c2017
300 _a326
906 _a2359
999 _c291237
_d291237